Normal view
MARC view
Entry Término temático
001 - NÚMERO DE CONTROL
- campo de control: 7073
003 - IDENTIFICADOR DEL NÚMERO DE CONTROL
- campo de control: OSt
005 - FECHA Y HORA DE LA ÚLTIMA TRANSACCIÓN
- campo de control: 20200615032148.0
008 - DATOS DE LONGITUD FIJA
- campo de control de longitud fija: 200615|| aca||aabn | a|a d
040 ## - FUENTE DE LA CATALOGACIÓN
- Centro catalogador/agencia de origen: OSt
- Centro/agencia transcriptor: OSt
150 ## - ENCABEZAMIENTO--TÉRMINO DE MATERIA
- Término de materia o nombre geográfico como elemento de entrada: REPÚBLICA DOMINICANA
- Subdivisión general: CONDICIONES ECONÓMICAS
- Subdivisión general: CONGRESOS, CONFERENCIAS, ETC
670 ## - FUENTE DE DATOS ENCONTRADOS
- Cita de la fuente: Work cat.: (OSt)2058: Encuentro los problemas de la inflación en la República Dominicana ( 1986 : Santo Domingo) 7069, Los problemas de la inflación en la República Dominicana /, 1986.
